000 00693nas a2200253 4500
001 BR9205530
003 BR-BrBNA
005 20231205092844.0
007 ta
008 230509b bl.|||p| |||| 00| 00por d
040 _aBR-BrBNA
_bpor
_cBiblioteca Nacional de Agricultura
041 _a(Pt)
072 _aH10
100 1 _aAnon.
245 1 _aO manejo integrado de pragas no algodao
650 _aALGODAO
650 _aPRAGA DE PLANTA
650 _aPREDADOR
650 _aCONTROLE BIOLOGICO
650 _aPRATICO
773 0 _tDirigente Rural (Brazil)
_xISSN 0012-3374
_g(Aug 1990), v. 29(8) p. 8-11
_wBR9205530
909 _a202311
_bLúcia
_c55
_dLúcia Elande
942 _2AGRIS
_n0
_cANA
999 _c134687
_d134687